Normal view MARC view
  • Great Britain. Army --Colonial forces

Entry Topical Term

Number of records used in: 1

001 - CONTROL NUMBER

  • control field: 105710

003 - CONTROL NUMBER IDENTIFIER

  • control field: NUST

005 - DATE AND TIME OF LATEST TRANSACTION

  • control field: 20221222182058.0

008 - FIXED-LENGTH DATA ELEMENTS

  • fixed length control field: 221222|| aca||aabn | a|a d

040 ## - CATALOGING SOURCE

  • Original cataloging agency: NUST
  • Transcribing agency: NUST

150 ## - HEADING--TOPICAL TERM

  • Topical term or geographic name entry element: Great Britain. Army --Colonial forces

670 ## - SOURCE DATA FOUND

  • Source citation: Work cat.: (NUST)184737: Notes on the land & air forces of the British oversea dominions, colonies, protectorates & mandated territories (exclusive of India and Iraq), 1930.
© 2023 Central Library, National University of Sciences and Technology. All Rights Reserved.